<?xml version="1.0" encoding="UTF-8"?>
<record
    xmlns:xsi="http://www.w3.org/2001/XMLSchema-instance"
    xsi:schemaLocation="http://www.loc.gov/MARC21/slim http://www.loc.gov/standards/marcxml/schema/MARC21slim.xsd"
    xmlns="http://www.loc.gov/MARC21/slim">

  <leader>00941nam a22002537a 4500</leader>
  <controlfield tag="005">20170123164145.0</controlfield>
  <datafield tag="010" ind1=" " ind2=" ">
    <subfield code="a">B-067196</subfield>
  </datafield>
  <datafield tag="020" ind1=" " ind2=" ">
    <subfield code="c">140.00</subfield>
  </datafield>
  <datafield tag="035" ind1=" " ind2=" ">
    <subfield code="a">B-067196</subfield>
  </datafield>
  <datafield tag="037" ind1=" " ind2=" ">
    <subfield code="b">Cen Lib / Ret</subfield>
    <subfield code="a"> </subfield>
  </datafield>
  <datafield tag="040" ind1=" " ind2=" ">
    <subfield code="a">DPL</subfield>
    <subfield code="b">PN</subfield>
  </datafield>
  <datafield tag="082" ind1=" " ind2=" ">
    <subfield code="a">&#xA73;</subfield>
    <subfield code="b">&#xA2C;&#xA32;&#xA1C;&#xA40;</subfield>
  </datafield>
  <datafield tag="100" ind1=" " ind2=" ">
    <subfield code="a">&#xA2C;&#xA32;&#xA1C;&#xA40;&#xA24; &#xA38;&#xA3F;&#xA70;&#xA18; </subfield>
    <subfield code="9">128781</subfield>
  </datafield>
  <datafield tag="245" ind1=" " ind2=" ">
    <subfield code="a">&#xA24;&#xA28;&#xA39;&#xA3E; &#xA24;&#xA28;&#xA39;&#xA3E; &#xA24;&#xA3E;&#xA30;&#xA47;  :</subfield>
    <subfield code="c">&#xA2C;&#xA32;&#xA1C;&#xA40;&#xA24; &#xA38;&#xA3F;&#xA70;&#xA18; </subfield>
    <subfield code="b">&#xA35;&#xA3E;&#xA30;&#xA24;&#xA15;  /</subfield>
  </datafield>
  <datafield tag="246" ind1=" " ind2=" ">
    <subfield code="a">Tanha tanha tare /</subfield>
    <subfield code="b">by Baljit Singh </subfield>
  </datafield>
  <datafield tag="260" ind1=" " ind2=" ">
    <subfield code="a">&#xA26;&#xA3F;&#xA71;&#xA32;&#xA40; </subfield>
    <subfield code="b">&#xA38;&#xA3F;&#xA32;&#xA3E;&#xA32;&#xA47;&#xA16;</subfield>
    <subfield code="c">2002</subfield>
  </datafield>
  <datafield tag="270" ind1=" " ind2=" ">
    <subfield code="b">&#xA26;&#xA3F;&#xA71;&#xA32;&#xA40; </subfield>
    <subfield code="a">25/114, &#xA17;&#xA3E;&#xA32;&#xA40; &#xA28;. 6 &#xA2E;&#xA39;&#xA3E;&#xA35;&#xA40;&#xA30; &#xA2C;&#xA4D;&#xA32;&#xA3E;&#xA15;, &#xA2D;&#xA48;&#xA32;&#xA3E; &#xA28;&#xA3E;&#xA2E; &#xA28;&#xA17;&#xA30; </subfield>
    <subfield code="e">110032</subfield>
  </datafield>
  <datafield tag="300" ind1=" " ind2=" ">
    <subfield code="a">144p.</subfield>
    <subfield code="c">22cm(Hb)</subfield>
  </datafield>
  <datafield tag="650" ind1=" " ind2=" ">
    <subfield code="a">&#xA2A;&#xA70;&#xA1C;&#xA3E;&#xA2C;&#xA40; &#xA38;&#xA3E;&#xA39;&#xA3F;&#xA24;</subfield>
    <subfield code="9">128782</subfield>
  </datafield>
  <datafield tag="650" ind1=" " ind2=" ">
    <subfield code="a">&#xA2A;&#xA70;&#xA1C;&#xA3E;&#xA2C;&#xA40;  &#xA28;&#xA3E;&#xA35;&#xA32; </subfield>
    <subfield code="9">128783</subfield>
  </datafield>
  <datafield tag="650" ind1=" " ind2=" ">
    <subfield code="a">Punjabi Literature</subfield>
    <subfield code="9">781</subfield>
  </datafield>
  <datafield tag="650" ind1=" " ind2=" ">
    <subfield code="a">Punjabi Novel</subfield>
    <subfield code="9">6285</subfield>
  </datafield>
  <datafield tag="942" ind1=" " ind2=" ">
    <subfield code="2">ddc</subfield>
    <subfield code="c">PN</subfield>
    <subfield code="h">&#xA13;</subfield>
    <subfield code="m">&#xA2C;&#xA32;&#xA1C;&#xA40;</subfield>
  </datafield>
  <datafield tag="999" ind1=" " ind2=" ">
    <subfield code="c">109962</subfield>
    <subfield code="d">109962</subfield>
  </datafield>
  <datafield tag="952" ind1=" " ind2=" ">
    <subfield code="0">0</subfield>
    <subfield code="1">0</subfield>
    <subfield code="4">0</subfield>
    <subfield code="7">0</subfield>
    <subfield code="a">L</subfield>
    <subfield code="b">L</subfield>
    <subfield code="d">2016-01-11</subfield>
    <subfield code="e">Cen Lib/Ret</subfield>
    <subfield code="g">140.00</subfield>
    <subfield code="l">0</subfield>
    <subfield code="o">&#xA73; &#xA2C;&#xA32;&#xA1C;&#xA40;</subfield>
    <subfield code="p">B-067196</subfield>
    <subfield code="r">2016-01-11 00:00:00</subfield>
    <subfield code="t">1</subfield>
    <subfield code="v">140.00</subfield>
    <subfield code="w">2016-01-11</subfield>
    <subfield code="y">PN</subfield>
  </datafield>
</record>
